000
00301nam a22001457a 4500
003
SGT
020
_a
9789325963474
082
_a
658.5
_b
KAL
100
_a
KALAVATHY, S.
245
_a
OPERATIONS RESEARCH
250
_a
4TH
260
_b
VIKAS PUBLISHING
_c
2018
300
_a
533
942
_2
ddc
_c
BK
_0
51
999
_c
16251
_d
16251